Logos de marques de mode - Statistiques

Statistiques générales
  • Ce quiz a été pris 364 fois
  • Le résultat moyen est 10 sur 15
Statistiques - réponses
Par images Réponse % Correct
Louis Vuitton
98%
Chanel
97%
Gucci
94%
Yves Saint Laurent
92%
Hermès
91%
Calvin Klein
87%
Dolce Gabbana
74%
Versace
61%
Fendi
60%
Christian Dior
53%
Givenchy
52%
Burberry
46%
Giorgio Armani
34%
Balmain
19%
Guerlain
11%
Aucun quiz correspondant
Distribution des résultats
% des personnes avec chaque résultat
Percentile par nombre de réponses
Votre historique - résultats
Vous n’avez pas pris ce quiz